000 00707nas a2200241 4500
001 BR8300096
003 BR-BrBNA
005 20231205085359.0
007 ta
008 230509b bl.|||p| |||| 00| 00por d
040 _aBR-BrBNA
_bpor
_cBiblioteca Nacional de Agricultura
041 _a(Pt)
072 _aP05
100 1 _aMartino, F.S.
100 1 _aKurth, G.M.
245 1 _aTurfa, um combustivel a espera de utilizacao
246 1 _a[Peat, a fuel waiting to be used]
650 _aTURFA
650 _aCOMBUSTIVEL
773 0 _tEnergia Fontes Alternativas (Brazil)
_xISSN 0100-6371
_g(May 1982), v. 4(20) p. 64-71
_wBR8300096
909 _a202311
_bLúcia
_c55
_dLúcia Elande
942 _2AGRIS
_n0
_cANA
999 _c111093
_d111093